Movies Cut Off at I Quiz Stats

Quiz Updated May 20, 2014

Challenge
Share
Tweet
Embed
Score 0/30 Timer 05:00
0 Plays Today
Cut Off at I Movie Title % Correct
13 Go13 Going on 30
90.9%
Mean GMean Girls
87.6%
Happy GHappy Gilmore
84.9%
From RussFrom Russia With Love
83.4%
NottNotting Hill
81.9%
50 F50 First Dates
81.1%
What HappensWhat Happens in Vegas
81%
No StrNo Strings Attached
78.6%
MoulMoulin Rouge!
75%
Body of LBody of Lies
70.1%
An AffaAn Affair to Remember
68.5%
Proof of LProof of Life
64.1%
SuddenSudden Impact
60.6%
Any GAny Given Sunday
59%
The BlaThe Blair Witch Project
54.5%
Cut Off at I Movie Title % Correct
Barb WBarb Wire
53.7%
SerpSerpico
53.6%
Apt PupApt Pupil
53.2%
Zack and MZack and Miri Make a Porno
52.3%
Grosse PoGrosse Pointe Blank
50.9%
ConstantConstantine
50.6%
What a GWhat a Girl Wants
47.2%
One FOne Fine Day
43.2%
88 M88 Minutes
41.7%
Monster-Monster-in-Law
41.5%
Snow FallSnow Falling on Cedars
31%
The DarjeelThe Darjeeling Limited
31%
TakTaking Lives
16.5%
RomeoRomeo Is Bleeding
8.6%
The Fearless VampThe Fearless Vampire Killers
8%

You're not logged in!

Compare scores with friends on all Sporcle quizzes.
Sign Up with Email
OR
Log In

You Might Also Like...

Show Comments

Extras

Top Quizzes Today


Score Distribution

Your Account Isn't Verified!

In order to create a playlist on Sporcle, you need to verify the email address you used during registration. Go to your Sporcle Settings to finish the process.